[Event "Altensteig op"]
[Site "Altensteig"]
[Date "1989.??.??"]
[Round "?"]
[White "Winiwarter, Felix"]
[Black "Filip, Miroslav"]
[Result "1-0"]
[WhiteElo "2245"]
[BlackElo "2500"]
[PlyCount "69"]
[EventDate "1989.07.??"]
[EventType "swiss"]
[EventRounds "9"]
[EventCountry "GER"]
[SourceTitle "EXT 2004"]
[Source "ChessBase"]
[SourceDate "2003.11.25"]
[SourceVersion "1"]
[SourceVersionDate "2003.11.25"]
[SourceQuality "1"]

1. e4 c5 2. Nf3 e6 3. d4 cxd4 4. Nxd4 a6 5. Be2 Nf6 6. Nc3 Qc7 7. 0-0 d6 8. f4 Be7 9. Be3 0-0 10. Kh1 b5 11. Bf3 Bb7 12. a3 Nbd7 13. Qe2 Nc5 14. Bg1 Rfe8 15. Rae1 e5 16. fxe5 dxe5 17. Nf5 Bf8 18. Qf2 Rad8 19. Qh4 Kh8 20. Be3 Ng8 21. Nd5 Qc6 22. Rc1 Na4 23. c4 bxc4 24. b3 Nb2 25. Rc2 Nd3 26. Rxc4 Qb5 27. Nc7 Qxb3 28. Nxe8 Rxe8 29. Rc7 g6 30. Bd1 Qb5 31. Rxf7 h5 32. Nd4 exd4 33. Bxd4+ Ne5 34. Rxf8 Qd3 35. Qf6+ 1-0

[Event "Rubinstein Memorial-17"]
[Site "Polanica Zdroj"]
[Date "1979.08.19"]
[Round "13"]
[White "Filip, Miroslav"]
[Black "Jansa, Vlastimil"]
[Result "1/2-1/2"]
[WhiteElo "2475"]
[BlackElo "2495"]
[PlyCount "30"]
[EventDate "1979.08.06"]
[EventType "tourn"]
[EventRounds "15"]
[EventCountry "POL"]
[EventCategory "8"]
[SourceTitle "MCD"]
[Source "ChessBase"]
[SourceDate "1999.07.01"]
[SourceVersion "1"]
[SourceVersionDate "1999.07.01"]
[SourceQuality "1"]

1. c4 g6 2. d4 Nf6 3. g3 Bg7 4. Bg2 0-0 5. Nf3 c6 6. 0-0 d5 7. Nbd2 Bf5 8. b3 Ne4 9. Bb2 Nd7 10. cxd5 cxd5 11. Nxe4 Bxe4 12. Qd2 Bf6 13. Rfc1 Qb6 14. e3 Rfc8 15. Ba3 e6 1/2-1/2

[Event "Rubinstein Memorial-17"]
[Site "Polanica Zdroj"]
[Date "1979.08.18"]
[Round "12"]
[White "Bielczyk, Jacek"]
[Black "Filip, Miroslav"]
[Result "1/2-1/2"]
[WhiteElo "2410"]
[BlackElo "2475"]
[PlyCount "37"]
[EventDate "1979.08.06"]
[EventType "tourn"]
[EventRounds "15"]
[EventCountry "POL"]
[EventCategory "8"]
[SourceTitle "MCD"]
[Source "ChessBase"]
[SourceDate "1999.07.01"]
[SourceVersion "1"]
[SourceVersionDate "1999.07.01"]
[SourceQuality "1"]

1. e4 c6 2. d4 d5 3. Nc3 dxe4 4. Nxe4 Bf5 5. Ng3 Nf6 6. Nf3 Nbd7 7. h4 h6 8. h5 Nh7 9. Bd3 Bxd3 10. Qxd3 Qc7 11. Rh4 e6 12. Bf4 Bd6 13. Bxd6 Qxd6 14. Ne4 Qe7 15. Qa3 Qxa3 16. bxa3 Ke7 17. Rb1 Rab8 18. Nc5 Nxc5 19. dxc5 1/2-1/2

[Event "Rubinstein Memorial-17"]
[Site "Polanica Zdroj"]
[Date "1979.08.16"]
[Round "10"]
[White "Razuvaev, Yuri S"]
[Black "Filip, Miroslav"]
[Result "1/2-1/2"]
[WhiteElo "2470"]
[BlackElo "2475"]
[PlyCount "22"]
[EventDate "1979.08.06"]
[EventType "tourn"]
[EventRounds "15"]
[EventCountry "POL"]
[EventCategory "8"]
[SourceTitle "MCD"]
[Source "ChessBase"]
[SourceDate "1999.07.01"]
[SourceVersion "1"]
[SourceVersionDate "1999.07.01"]
[SourceQuality "1"]

1. e4 c6 2. d4 d5 3. Nc3 dxe4 4. Nxe4 Nf6 5. Nxf6+ exf6 6. g3 c5 7. Nf3 Nc6 8. Be3 Bf5 9. Bg2 Nb4 10. 0-0 Bxc2 11. Qd2 Be4 1/2-1/2

[Event "Rubinstein Memorial-17"]
[Site "Polanica Zdroj"]
[Date "1979.08.07"]
[Round "2"]
[White "Arnason, Jon Loftur"]
[Black "Filip, Miroslav"]
[Result "1/2-1/2"]
[WhiteElo "2410"]
[BlackElo "2475"]
[PlyCount "81"]
[EventDate "1979.08.06"]
[EventType "tourn"]
[EventRounds "15"]
[EventCountry "POL"]
[EventCategory "8"]
[SourceTitle "MCD"]
[Source "ChessBase"]
[SourceDate "1999.07.01"]
[SourceVersion "1"]
[SourceVersionDate "1999.07.01"]
[SourceQuality "1"]

1. e4 e5 2. Nf3 Nc6 3. Bb5 g6 4. c3 a6 5. Ba4 d6 6. d4 Bd7 7. 0-0 Bg7 8. dxe5 dxe5 9. Be3 Nf6 10. Nbd2 0-0 11. Bc5 Re8 12. Bc2 Nh5 13. Nc4 b6 14. Ba3 Na7 15. b4 Nf4 16. Ne3 Be6 17. Bb2 Nb5 18. g3 Qxd1 19. Nxd1 Bg4 20. Ne1 Nh3+ 21. Kg2 Ng5 22. Rg1 Bh3+ 23. Kh1 Nd6 24. f3 Bd7 25. Ne3 a5 26. Nd5 Ne6 27. Rd1 axb4 28. Nxc7 Nxc7 29. Rxd6 Be6 30. Rxb6 bxc3 31. Bxc3 Rxa2 32. Bb3 Ra3 33. Bxe6 Rxe6 34. Rxe6 Nxe6 35. Bb2 Rb3 36. Rg2 Re3 37. Rg1 Nd4 38. Rf1 Nb3 39. Ng2 Re2 40. Bc3 Rc2 41. Bb4 1/2-1/2

[Event "Smederevska Palanka"]
[Site "Smederevska Palanka"]
[Date "1978.??.??"]
[Round "4"]
[White "Filip, Miroslav"]
[Black "Cebalo, Miso"]
[Result "1/2-1/2"]
[WhiteElo "2485"]
[BlackElo "2450"]
[PlyCount "50"]
[EventDate "1978.06.03"]
[EventType "tourn"]
[EventRounds "13"]
[EventCountry "YUG"]
[EventCategory "7"]
[SourceTitle "EXT 2004"]
[Source "ChessBase"]
[SourceDate "2003.11.25"]
[SourceVersion "1"]
[SourceVersionDate "2003.11.25"]
[SourceQuality "1"]

1. Nf3 c5 2. c4 Nf6 3. Nc3 g6 4. d4 cxd4 5. Nxd4 Bg7 6. e4 d6 7. Be2 Bd7 8. 0-0 0-0 9. Be3 Nc6 10. Qd2 Nxd4 11. Bxd4 Bc6 12. f3 a5 13. Rab1 Nd7 14. Be3 a4 15. b4 axb3 16. axb3 Ra3 17. Rfc1 Qa8 18. b4 b6 19. Nd5 Bxd5 20. cxd5 Qa4 21. Rc7 Ra8 22. Rbc1 h5 23. Bf2 Ra2 24. R1c2 Ra1+ 25. Rc1 Ra2 1/2-1/2

[Event "Smederevska Palanka"]
[Site "Smederevska Palanka"]
[Date "1978.??.??"]
[Round "10"]
[White "Filip, Miroslav"]
[Black "Martinovic, Slobodan"]
[Result "1/2-1/2"]
[WhiteElo "2485"]
[BlackElo "2460"]
[PlyCount "42"]
[EventDate "1978.06.03"]
[EventType "tourn"]
[EventRounds "13"]
[EventCountry "YUG"]
[EventCategory "7"]
[SourceTitle "EXT 2004"]
[Source "ChessBase"]
[SourceDate "2003.11.25"]
[SourceVersion "1"]
[SourceVersionDate "2003.11.25"]
[SourceQuality "1"]

1. c4 c5 2. Nc3 Nc6 3. g3 g6 4. Bg2 Bg7 5. Rb1 Rb8 6. a3 a6 7. b4 cxb4 8. axb4 b5 9. cxb5 axb5 10. e3 e6 11. Nge2 Nge7 12. 0-0 0-0 13. d4 d5 14. Qb3 Nf5 15. Bd2 Nd6 16. Rfc1 Nc4 17. Be1 Bd7 18. Nf4 Qb6 19. Nd3 Rfc8 20. Nc5 Be8 21. Ra1 Ra8 1/2-1/2

[Event "Smederevska Palanka"]
[Site "Smederevska Palanka"]
[Date "1978.??.??"]
[Round "2"]
[White "Filip, Miroslav"]
[Black "Rajkovic, Dusan"]
[Result "0-1"]
[WhiteElo "2485"]
[BlackElo "2490"]
[PlyCount "78"]
[EventDate "1978.06.03"]
[EventType "tourn"]
[EventRounds "13"]
[EventCountry "YUG"]
[EventCategory "7"]
[SourceTitle "EXT 2004"]
[Source "ChessBase"]
[SourceDate "2003.11.25"]
[SourceVersion "1"]
[SourceVersionDate "2003.11.25"]
[SourceQuality "1"]

1. d4 Nf6 2. c4 c5 3. d5 e6 4. Nc3 exd5 5. cxd5 d6 6. Nf3 g6 7. Bf4 Nh5 8. Bg3 Bg7 9. Nd2 Nxg3 10. hxg3 Nd7 11. e3 0-0 12. Be2 Ne5 13. a4 b6 14. Qc2 Qe7 15. 0-0 h5 16. a5 Bf5 17. e4 Bg4 18. axb6 Bxe2 19. Nxe2 axb6 20. Qb3 Qg5 21. Rxa8 Rxa8 22. f4 Qg4 23. Qe3 Bh6 24. Nc3 h4 25. gxh4 Qxh4 26. Qh3 Qxh3 27. gxh3 Nd3 28. Nc4 Bxf4 29. Rd1 Nxb2 30. Nxb2 Be5 31. Nc4 Bxc3 32. Nxd6 Be5 33. Nb5 Ra5 34. Rb1 c4 35. d6 Kf8 36. d7 Ke7 37. Rd1 Kd8 38. Nd6 Bxd6 39. Rxd6 c3 0-1

[Event "Smederevska Palanka"]
[Site "Smederevska Palanka"]
[Date "1978.??.??"]
[Round "7"]
[White "Jansa, Vlastimil"]
[Black "Filip, Miroslav"]
[Result "1/2-1/2"]
[WhiteElo "2505"]
[BlackElo "2485"]
[PlyCount "28"]
[EventDate "1978.06.03"]
[EventType "tourn"]
[EventRounds "13"]
[EventCountry "YUG"]
[EventCategory "7"]
[SourceTitle "EXT 2004"]
[Source "ChessBase"]
[SourceDate "2003.11.25"]
[SourceVersion "1"]
[SourceVersionDate "2003.11.25"]
[SourceQuality "1"]

1. e4 c6 2. d4 d5 3. Nc3 dxe4 4. Nxe4 Bf5 5. Ng3 Bg6 6. h4 h6 7. Nf3 Nd7 8. h5 Bh7 9. Bd3 Bxd3 10. Qxd3 Ngf6 11. Bd2 e6 12. 0-0-0 Qc7 13. Qe2 0-0-0 14. Ne5 Nb6 1/2-1/2

[Event "Kragujevac"]
[Site "Kragujevac"]
[Date "1977.10.24"]
[Round "11"]
[White "Barlov, Dragan"]
[Black "Filip, Miroslav"]
[Result "1-0"]
[WhiteElo "2205"]
[BlackElo "2500"]
[PlyCount "111"]
[EventDate "1977.10.12"]
[EventType "tourn"]
[EventRounds "15"]
[EventCountry "YUG"]
[EventCategory "6"]
[SourceTitle "EXT 2004"]
[Source "ChessBase"]
[SourceDate "2003.11.25"]
[SourceVersion "1"]
[SourceVersionDate "2003.11.25"]
[SourceQuality "1"]

1. e4 e5 2. Nf3 Nc6 3. Bb5 g6 4. 0-0 Bg7 5. c3 a6 6. Ba4 d6 7. d4 Bd7 8. Bb3 Nf6 9. Nbd2 0-0 10. Re1 h6 11. h3 Qe7 12. Nc4 Rae8 13. Bc2 Qd8 14. dxe5 Nxe5 15. Nfxe5 dxe5 16. b3 Kh7 17. Ba3 Rg8 18. Qf3 Bf8 19. Bb2 Qe7 20. Rad1 Bc8 21. Re2 Nh5 22. Ne3 Qf6 23. Qxf6 Nxf6 24. Nc4 Nh5 25. b4 Bg7 26. Red2 Bf6 27. Bb3 Kg7 28. Kf1 Bg5 29. Rd5 Be6 30. R5d3 Nf4 31. R3d2 Bf6 32. Na5 Bc8 33. h4 g5 34. hxg5 hxg5 35. g3 Ng6 36. Bd5 Bg4 37. Bxb7 Rh8 38. Kg2 Bxd1 39. Rxd1 Rd8 40. Rxd8 Rxd8 41. Nc4 Ne7 42. Kf3 Nc8 43. Bxa6 Nb6 44. Nxb6 cxb6 45. Ke2 g4 46. Bc4 Bg5 47. Bd5 Kf6 48. c4 Bh6 49. a4 Bf8 50. Bc3 Bd6 51. Kd3 Rh8 52. c5 bxc5 53. b5 Rh1 54. a5 Rb1 55. b6 Bb8 56. Kc2 1-0

[Event "Kragujevac"]
[Site "Kragujevac"]
[Date "1977.10.20"]
[Round "8"]
[White "Filip, Miroslav"]
[Black "Lazic, Dragoljub"]
[Result "1/2-1/2"]
[WhiteElo "2500"]
[BlackElo "2235"]
[PlyCount "82"]
[EventDate "1977.10.12"]
[EventType "tourn"]
[EventRounds "15"]
[EventCountry "YUG"]
[EventCategory "6"]
[SourceTitle "EXT 2004"]
[Source "ChessBase"]
[SourceDate "2003.11.25"]
[SourceVersion "1"]
[SourceVersionDate "2003.11.25"]
[SourceQuality "1"]

1. c4 g6 2. d4 Bg7 3. Nc3 Nf6 4. e4 d6 5. f3 e5 6. d5 Nfd7 7. Bd3 Bh6 8. Nge2 Bxc1 9. Qxc1 Nc5 10. Bc2 a5 11. 0-0 0-0 12. b3 Nbd7 13. Rb1 Nb6 14. Qd2 Bd7 15. Nd1 Qe7 16. Nf2 Kh8 17. Kh1 f5 18. exf5 Bxf5 19. Rbe1 Qg7 20. Bxf5 gxf5 21. f4 Nbd7 22. fxe5 Nxe5 23. Nf4 b6 24. Re3 Rae8 25. Rfe1 Rg8 26. Qc3 Ref8 27. R1e2 Rf6 28. g3 Rh6 29. Kg1 Rh4 30. Ng2 Rd4 31. Rd2 Rxd2 32. Qxd2 Ne4 33. Nxe4 fxe4 34. Ne1 Re8 35. Qe2 Qg6 36. h3 Nd7 37. Nd3 Rf8 38. Nf2 Nc5 39. Kg2 Re8 40. Qb2+ Kg8 41. Qd4 Rf8 1/2-1/2

[Event "Kragujevac"]
[Site "Kragujevac"]
[Date "1977.10.13"]
[Round "2"]
[White "Filip, Miroslav"]
[Black "Mednis, Edmar John"]
[Result "1/2-1/2"]
[WhiteElo "2500"]
[BlackElo "2430"]
[PlyCount "39"]
[EventDate "1977.10.12"]
[EventType "tourn"]
[EventRounds "15"]
[EventCountry "YUG"]
[EventCategory "6"]
[SourceTitle "EXT 2004"]
[Source "ChessBase"]
[SourceDate "2003.11.25"]
[SourceVersion "1"]
[SourceVersionDate "2003.11.25"]
[SourceQuality "1"]

1. d4 Nf6 2. c4 e6 3. Nf3 b6 4. Nc3 Bb7 5. a3 d5 6. cxd5 exd5 7. Bg5 Be7 8. e3 0-0 9. Rc1 Nbd7 10. Be2 c5 11. 0-0 Ne4 12. Bxe7 Qxe7 13. dxc5 Nxc3 14. Rxc3 bxc5 15. Qc2 Rfc8 16. Rc1 a6 17. Bf1 g6 18. h3 Qf6 19. Qd2 Rd8 20. Be2 1/2-1/2

[Event "Budapest Tungsram-03"]
[Site "Budapest"]
[Date "1977.08.??"]
[Round "?"]
[White "Csom, Istvan"]
[Black "Filip, Miroslav"]
[Result "1/2-1/2"]
[WhiteElo "2535"]
[BlackElo "2500"]
[PlyCount "37"]
[EventDate "1977.07.29"]
[EventType "tourn"]
[EventRounds "17"]
[EventCountry "HUN"]
[EventCategory "10"]
[SourceTitle "MCL"]
[Source "ChessBase"]
[SourceDate "1999.07.01"]
[SourceVersion "1"]
[SourceVersionDate "1999.07.01"]
[SourceQuality "1"]

1. c4 Nf6 2. g3 e6 3. Bg2 d5 4. Nf3 Be7 5. 0-0 0-0 6. d4 b6 7. cxd5 exd5 8. Nc3 Bb7 9. Qb3 Ne4 10. Bf4 Nxc3 11. Qxc3 Na6 12. Rfd1 c5 13. dxc5 Nxc5 14. Be5 Re8 15. Rac1 Rc8 16. Bh3 Ne6 17. Qd2 Rxc1 18. Rxc1 Bg5 19. Bf4 1/2-1/2

[Event "Budapest Tungsram-03"]
[Site "Budapest"]
[Date "1977.08.??"]
[Round "?"]
[White "Ostojic, Predrag"]
[Black "Filip, Miroslav"]
[Result "0-1"]
[WhiteElo "2480"]
[BlackElo "2500"]
[PlyCount "104"]
[EventDate "1977.07.29"]
[EventType "tourn"]
[EventRounds "17"]
[EventCountry "HUN"]
[EventCategory "10"]
[SourceTitle "MCL"]
[Source "ChessBase"]
[SourceDate "1999.07.01"]
[SourceVersion "1"]
[SourceVersionDate "1999.07.01"]
[SourceQuality "1"]

1. e4 e5 2. Nf3 Nc6 3. Bb5 g6 4. 0-0 Bg7 5. c3 a6 6. Ba4 d6 7. d4 Bd7 8. Re1 Nge7 9. dxe5 Nxe5 10. Nxe5 dxe5 11. Bb3 0-0 12. Bg5 h6 13. Be3 Qc8 14. Qc1 Kh7 15. Bc5 Qe8 16. a4 Rg8 17. Nd2 Nc6 18. a5 Nd8 19. Nf1 Ne6 20. Be3 Qe7 21. Bc2 Rad8 22. Ng3 Qf6 23. f3 h5 24. Nh1 Bf8 25. b4 c5 26. bxc5 Bxc5 27. Bxc5 Nxc5 28. Qe3 Qe7 29. Nf2 Be6 30. f4 Bb3 31. Bb1 exf4 32. Qxf4 Ne6 33. Qf3 Kg7 34. Ba2 Bxa2 35. Rxa2 Nc5 36. e5 Qe6 37. Rb2 Rge8 38. Rb6 Qf5 39. Qe2 Rd5 40. Qc4 Rdxe5 41. Qd4 Kg8 42. Rxe5 Rxe5 43. g3 Re1+ 44. Kg2 Re2 45. Kf1 Ne6 46. Kxe2 Nxd4+ 47. cxd4 Qxa5 48. Rxb7 Qd5 49. Rb8+ Kg7 50. Ke3 a5 51. Nd3 a4 52. Nf4 Qc4 0-1

[Event "Budapest Tungsram-03"]
[Site "Budapest"]
[Date "1977.08.??"]
[Round "?"]
[White "Ree, Hans"]
[Black "Filip, Miroslav"]
[Result "1-0"]
[WhiteElo "2460"]
[BlackElo "2500"]
[PlyCount "99"]
[EventDate "1977.07.29"]
[EventType "tourn"]
[EventRounds "17"]
[EventCountry "HUN"]
[EventCategory "10"]
[SourceTitle "MCL"]
[Source "ChessBase"]
[SourceDate "1999.07.01"]
[SourceVersion "1"]
[SourceVersionDate "1999.07.01"]
[SourceQuality "1"]

1. c4 e6 2. Nc3 d5 3. d4 Be7 4. Nf3 Nf6 5. Bf4 0-0 6. e3 c5 7. dxc5 Nc6 8. a3 dxc4 9. Bxc4 Qxd1+ 10. Rxd1 Bxc5 11. Ne5 Nxe5 12. Bxe5 a6 13. Be2 b5 14. Bf3 Ra7 15. Bd6 Bxd6 16. Rxd6 Rd7 17. Rxd7 Nxd7 18. Ke2 Ne5 19. Ne4 Nc4 20. Rc1 Nxb2 21. Nd6 Nc4 22. Nxc4 bxc4 23. Rxc4 Bd7 24. Kd2 Rb8 25. Rc7 Bb5 26. Kc3 g6 27. Ra7 Rc8+ 28. Kb3 Kg7 29. a4 Bd3 30. Rd7 Rb8+ 31. Kc3 Bf1 32. Rd1 Rc8+ 33. Kb4 Bc4 34. Rc1 Rb8+ 35. Ka5 Bd3 36. Rd1 Bc4 37. Rd4 Bf1 38. Rb4 Rc8 39. Rb1 Bd3 40. Rd1 Bc2 41. Rd6 Bb3 42. Rxa6 Rc4 43. Kb5 Rc2 44. Rc6 Ra2 45. a5 Ba4+ 46. Kb6 Rb2+ 47. Kc7 Bxc6 48. Bxc6 Rxf2 49. a6 Ra2 50. Kb6 1-0

[Event "Budapest Tungsram-03"]
[Site "Budapest"]
[Date "1977.07.31"]
[Round "3"]
[White "Bronstein, David Ionovich"]
[Black "Filip, Miroslav"]
[Result "1/2-1/2"]
[WhiteElo "2560"]
[BlackElo "2500"]
[PlyCount "66"]
[EventDate "1977.07.29"]
[EventType "tourn"]
[EventRounds "17"]
[EventCountry "HUN"]
[EventCategory "10"]
[SourceTitle "MCL"]
[Source "ChessBase"]
[SourceDate "1999.07.01"]
[SourceVersion "1"]
[SourceVersionDate "1999.07.01"]
[SourceQuality "1"]

1. e4 c6 2. d3 d5 3. Nd2 g6 4. f4 Nf6 5. e5 Ng4 6. Ndf3 c5 7. d4 Nc6 8. c3 Qb6 9. h3 Nh6 10. g4 cxd4 11. cxd4 f5 12. g5 Nf7 13. Ne2 e6 14. h4 Bd7 15. h5 Rc8 16. Kf2 Na5 17. b3 Bb5 18. Bg2 Nc6 19. Ng3 Bb4 20. Bb2 Kd7 21. a3 Be7 22. Bc1 a5 23. Be3 Ba6 24. Qb1 Na7 25. Bd2 Qc7 26. Rc1 Qb6 27. Qb2 Rxc1 28. Rxc1 Nb5 29. b4 axb4 30. axb4 Na7 31. Rc5 Rc8 32. Qc2 Bc4 33. hxg6 hxg6 1/2-1/2

[Event "Rubinstein Memorial-14"]
[Site "Polanica Zdroj"]
[Date "1976.08.23"]
[Round "15"]
[White "Filip, Miroslav"]
[Black "Timoscenko, Gennadij A"]
[Result "1/2-1/2"]
[WhiteElo "2495"]
[BlackElo "2470"]
[PlyCount "37"]
[EventDate "1976.08.06"]
[EventType "tourn"]
[EventRounds "15"]
[EventCountry "POL"]
[EventCategory "9"]
[SourceTitle "MCL"]
[Source "ChessBase"]
[SourceDate "1999.07.01"]
[SourceVersion "1"]
[SourceVersionDate "1999.07.01"]
[SourceQuality "1"]

1. d4 Nf6 2. c4 e6 3. Nf3 b6 4. g3 Bb7 5. Bg2 Be7 6. 0-0 0-0 7. Nc3 Ne4 8. Qc2 Nxc3 9. Qxc3 f5 10. b3 Bf6 11. Bb2 d6 12. Ne1 Bxg2 13. Nxg2 Nd7 14. Qd2 Qe7 15. Rad1 Bg5 16. Qc2 Nf6 17. Bc1 Bxc1 18. Qxc1 a5 19. Qc2 1/2-1/2

[Event "Rubinstein Memorial-14"]
[Site "Polanica Zdroj"]
[Date "1976.08.19"]
[Round "12"]
[White "Knaak, Rainer"]
[Black "Filip, Miroslav"]
[Result "1/2-1/2"]
[WhiteElo "2520"]
[BlackElo "2495"]
[PlyCount "121"]
[EventDate "1976.08.06"]
[EventType "tourn"]
[EventRounds "15"]
[EventCountry "POL"]
[EventCategory "9"]
[SourceTitle "MCL"]
[Source "ChessBase"]
[SourceDate "1999.07.01"]
[SourceVersion "1"]
[SourceVersionDate "1999.07.01"]
[SourceQuality "1"]

1. d4 Nf6 2. c4 e6 3. Nc3 d5 4. cxd5 exd5 5. Bg5 c6 6. e3 Bf5 7. Qf3 Bg6 8. Bxf6 Qxf6 9. Qxf6 gxf6 10. h4 Nd7 11. h5 Bf5 12. Nf3 a5 13. Nh4 Be6 14. Bd3 a4 15. 0-0 a3 16. b3 Bb4 17. Ne2 Nb6 18. f3 0-0 19. Kf2 Nc8 20. g4 Nd6 21. Rac1 Rfe8 22. Rc2 Rac8 23. h6 Kh8 24. Nf4 c5 25. dxc5 Bxc5 26. Rfc1 Bb6 27. Rxc8 Nxc8 28. Bb5 Rd8 29. Ne2 Ne7 30. Nd4 Rc8 31. Rxc8+ Bxc8 32. Nc2 f5 33. Nxa3 fxg4 34. Nc2 Ng8 35. fxg4 Bxg4 36. Nf3 Nxh6 37. Nb4 Be6 38. Ke2 Nf5 39. Nc2 Ng3+ 40. Ke1 Kg7 41. Bd3 h5 42. Ncd4 Bg4 43. Ne5 Bc8 44. Kf2 Bc7 45. Kxg3 Bxe5+ 46. Kh4 Bg4 47. a4 Bf6+ 48. Kg3 Bxd4 49. exd4 Bd1 50. a5 Bxb3 51. Bb5 Bc4 52. Bd7 Kf6 53. Kh4 Ke7 54. Bc8 Ba6 55. Kxh5 Kd6 56. Kg5 Kc6 57. Kf6 Kb5 58. Kxf7 Kc4 59. Ke6 Kxd4 60. Kd6 Ke4 61. Kc7 1/2-1/2

[Event "Rubinstein Memorial-14"]
[Site "Polanica Zdroj"]
[Date "1976.08.18"]
[Round "11"]
[White "Filip, Miroslav"]
[Black "Adamski, Jan"]
[Result "1/2-1/2"]
[WhiteElo "2495"]
[BlackElo "2415"]
[PlyCount "58"]
[EventDate "1976.08.06"]
[EventType "tourn"]
[EventRounds "15"]
[EventCountry "POL"]
[EventCategory "9"]
[SourceTitle "MCL"]
[Source "ChessBase"]
[SourceDate "1999.07.01"]
[SourceVersion "1"]
[SourceVersionDate "1999.07.01"]
[SourceQuality "1"]

1. d4 Nf6 2. c4 e6 3. Nf3 b6 4. Nc3 Bb7 5. a3 d5 6. cxd5 Nxd5 7. e3 Be7 8. Bb5+ c6 9. Bd3 0-0 10. 0-0 c5 11. Qe2 cxd4 12. exd4 Nc6 13. Rd1 Nf6 14. Bf4 Rc8 15. Rac1 Na5 16. Be5 Nd5 17. Ne4 f6 18. Bg3 Qd7 19. Ned2 Rxc1 20. Rxc1 Rc8 21. Re1 Nc7 22. b4 Nc6 23. Qe4 f5 24. Qe2 Bf6 25. Bc4 Nd8 26. Be5 Be7 27. h4 Bd5 28. Bd3 Nf7 29. Bf4 Bf6 1/2-1/2

[Event "Rubinstein Memorial-14"]
[Site "Polanica Zdroj"]
[Date "1976.08.16"]
[Round "10"]
[White "Maciejewski, Andrzej"]
[Black "Filip, Miroslav"]
[Result "1/2-1/2"]
[WhiteElo "2355"]
[BlackElo "2495"]
[PlyCount "45"]
[EventDate "1976.08.06"]
[EventType "tourn"]
[EventRounds "15"]
[EventCountry "POL"]
[EventCategory "9"]
[SourceTitle "MCL"]
[Source "ChessBase"]
[SourceDate "1999.07.01"]
[SourceVersion "1"]
[SourceVersionDate "1999.07.01"]
[SourceQuality "1"]

1. e4 e5 2. Nf3 Nc6 3. Bc4 Bc5 4. c3 Nf6 5. d4 exd4 6. cxd4 Bb4+ 7. Bd2 Bxd2+ 8. Nbxd2 d5 9. exd5 Nxd5 10. Qb3 Nce7 11. 0-0 0-0 12. Rfe1 c6 13. a4 Qb6 14. Qa3 Be6 15. a5 Qc7 16. Rac1 Rad8 17. Ne4 Nf5 18. Nc5 Bc8 19. Qb3 Qxa5 20. Nxb7 Bxb7 21. Qxb7 Qb6 22. Qxb6 Nxb6 23. Bf1 1/2-1/2

[Event "Rubinstein Memorial-14"]
[Site "Polanica Zdroj"]
[Date "1976.08.06"]
[Round "1"]
[White "Navarovszky, Laszlo"]
[Black "Filip, Miroslav"]
[Result "1/2-1/2"]
[WhiteElo "2400"]
[BlackElo "2495"]
[PlyCount "25"]
[EventDate "1976.08.06"]
[EventType "tourn"]
[EventRounds "15"]
[EventCountry "POL"]
[EventCategory "9"]
[SourceTitle "MCL"]
[Source "ChessBase"]
[SourceDate "1999.07.01"]
[SourceVersion "1"]
[SourceVersionDate "1999.07.01"]
[SourceQuality "1"]

1. d4 Nf6 2. c4 e6 3. Nc3 Bb4 4. Nf3 c5 5. d5 d6 6. Bd2 0-0 7. e3 Bxc3 8. Bxc3 Ne4 9. dxe6 Bxe6 10. Qc2 Nxc3 11. Qxc3 Nc6 12. Rd1 Qe7 13. Be2 1/2-1/2

[Event "Telc sim clock"]
[Site "Telc"]
[Date "1976.02.19"]
[Round "1.1"]
[White "Filip, Miroslav"]
[Black "Packroff, Hermann"]
[Result "1/2-1/2"]
[WhiteElo "2495"]
[BlackElo "2290"]
[PlyCount "102"]
[EventDate "1976.02.19"]
[EventType "simul"]
[EventRounds "1"]
[EventCountry "CSR"]
[SourceTitle "EXT 2012"]
[Source "ChessBase"]
[SourceDate "2011.11.24"]
[SourceVersion "1"]
[SourceVersionDate "2011.11.24"]
[SourceQuality "1"]

1. c4 Nf6 2. Nc3 e5 3. Nf3 Nc6 4. g3 Bc5 5. Bg2 d6 6. 0-0 Be6 7. d3 h6 8. a3 a5 9. e3 e4 10. Ne1 exd3 11. b3 Qd7 12. Nxd3 Ba7 13. Nd5 Bxd5 14. cxd5 Ne7 15. e4 Bd4 16. Ra2 Ng6 17. h3 0-0 18. Nf4 Nxf4 19. Bxf4 Bb6 20. g4 Rfe8 21. Qd3 Qe7 22. Re2 Nd7 23. b4 axb4 24. axb4 Ra4 25. Qc3 Qf6 26. Bd2 Ne5 27. Kh1 Qh4 28. f3 Rea8 29. Be1 Qe7 30. Qc2 Ng6 31. f4 Nh4 32. Bc3 Nxg2 33. Kxg2 Ra2 34. Qd3 R8a3 35. Rfe1 Qh4 36. Rxa2 Rxa2+ 37. Re2 Ra3 38. Qd2 h5 39. Qe1 Qxe1 40. Bxe1 hxg4 41. hxg4 Re3 42. Rxe3 Bxe3 43. Kf3 Bd4 44. b5 f6 45. Bd2 g6 46. Ke2 b6 47. Kd3 Bc5 48. Bc3 Kf7 49. e5 fxe5 50. fxe5 dxe5 51. Bxe5 Bd6 1/2-1/2